El otro de nosotros mismos disenso, alteridad y reconocimiento / Volumen IV

Detalles Bibliográficos
Autor principal: Gutiřrez, Carlos B.
Formato: eBook
Lenguaje:español
Publicado: Bogot:̀ Universidad de Los Andes (Colombia), 2020
Materias:
Acceso en línea:Acceso restringido

MARC

LEADER 00000nam a22000007a 4500
005 20211006113145.0
007 cr|||| ||||
008 211006s2020 co |||||s|||| 00||0 spa d
020 |a 978-958-774-508-5 
035 |a 35209 
040 |a vLex 
090 |c 12500  |d 12500 
100 1 |a Gutiřrez, Carlos B. 
245 1 2 |a El otro de nosotros mismos  |h [Recurso electrn̤ico] :  |b disenso, alteridad y reconocimiento /  |c Carlos B. Gutiřrez  |n Volumen IV 
256 |a Servicio en ln̕ea 
260 |a Bogot:̀  |b Universidad de Los Andes (Colombia),  |c 2020 
300 |a 1 recurso electrn̤ico 
506 1 |a Disponible solo en los productos indicados  |d vLex Global  |d vLex Global (Academic Edition, excluding Law Schools)  |d vLex Global (U.S. Academic Edition, Law Schools)  |d vLex Global (U.S. Academic Edition, excluding Law Schools)  |d vLex Global (Academic Edition, Law Schools) 
650 0 4 |a Ciencias sociales  |z Colombia 
740 0 |a vLex Libros (Servicio en ln̕ea) 
856 4 0 |u https://app.vlex.com/#/sources/35209  |z Acceso restringido 
942 |c BOOK 
999 0 |a Social Sciences